French Cities with the Most Tourists - Statistics

General Stats
  • This quiz has been taken 85 times
  • The average score is 5 of 10
Answer Stats
# Visitors City % Correct
30 mil Paris
100%
6 mil Lyon
96%
4,3 mil Nice
87%
5,6 mil Toulouse
75%
3,1 mil Strasbourg
63%
3,2 mil Carcassonne
13%
6 mil Lourdes
11%
3 mil Le Mont Saint-Michel
9%
4 mil La Rochelle
4%
3,5 mil Honfleur
0%
No matching quizzes found
Score Distribution
Percent of People with Each Score
Percentile by Number Answered
Your Score History
You have not taken this quiz